| 000 -LEADER |
| fixed length control field |
00551nam a2200193Ia 4500 |
| 001 - CONTROL NUMBER |
| control field |
7079 |
| 003 - CONTROL NUMBER IDENTIFIER |
| control field |
GE_BSU |
| 008 - FIXED-LENGTH DATA ELEMENTS--GENERAL INFORMATION |
| fixed length control field |
181216s||||||||xx |||||||||||||| ||und|| |
| 040 ## - CATALOGING SOURCE |
| Transcribing agency |
GE_BSU |
| 080 ## - UNIVERSAL DECIMAL CLASSIFICATION NUMBER |
| Universal Decimal Classification number |
512.54+517.98 |
| 245 ## - TITLE STATEMENT |
| Title |
Арифметические группы и автоморфные функции |
| 245 ## - TITLE STATEMENT |
| Statement of responsibility, etc. |
Под ред. И.И. Пятецкого-Шапиро |
| 260 ## - PUBLICATION, DISTRIBUTION, ETC. |
| Place of publication, distribution, etc. |
Москва |
| 260 ## - PUBLICATION, DISTRIBUTION, ETC. |
| Name of publisher, distributor, etc. |
Мир |
| 260 ## - PUBLICATION, DISTRIBUTION, ETC. |
| Date of publication, distribution, etc. |
1969 |
| 300 ## - PHYSICAL DESCRIPTION |
| Extent |
223стр. 20см. |
| 653 ## - INDEX TERM--UNCONTROLLED |
| Uncontrolled term |
Арифметические группы |
| 942 ## - ADDED ENTRY ELEMENTS (KOHA) |
| Koha item type |
წიგნი |